000 01657nam0a2200397 i 4500
001 RU\NLR\BIBL_A\010578186
005 20260406012229.0
021 _aRU
_b2014-82289
_95005
035 _a(NILC)LIBNET\0000462073
035 _a(NLR Aleph) 010578186
090 _a10450673
_c10450673
100 _a20141226d2013 km y0rusy50 ca
101 0 _arus
_ager
102 _aRU
105 _ay|||z|||000gb
200 1 _aАвстрийская лирика: Ингеборг Бахман
_dOsterreichische Lyrik: Ingeborg Bachmann
_eизбранные страницы
_fСветлана Одинцова
_g[пер. с нем., сост., вступ. ст. С. С. Одинцовой]
_zger
210 _aЛипецк
_cЛГПУ
_d2013
215 _a75 с.
_d21
300 _aТекст стихов парал. : рус., нем.
320 _aБиблиогр.: с. 72-73 (21 назв.)
510 1 _6z45790
_aOsterreichische Lyrik: Ingeborg Bachmann
_zger
686 _a84(4Авс)
_vLBC/RL
_2rubbk
686 2 _aШ6(2=Р)8-57
686 1 _aШ6(4А)67-5я44(Лх1349-175)
700 1 _aОдинцова
_bС. С.
_f1939-
_gСветлана Салимовна
_4220
_4730
702 1 _4570
_8rus
_7ca
_aБахман
_bИ.
_f1926-1973
_gИнгеборг
_3RU\NLR\AUTH\77117741
_9100666
790 1 _6z45510
_aOdincova
_bS.S.
_f1939-
_gSvetlana Salimovna
801 0 _aRU
_bЛипецкая ОУНБ
_c20140708
_grcr
801 1 _aRU
_bЛипецкая ОУНБ
_c20140708
_grcr
_2rusmarc
830 _a195
942 _cBOOK
980 _aNBR